000 00543nam a2200205Ia 4500
005 20221028122233.0
008 140110s9999 xx 000 0 und d
020 _a9788171560622
_cRs.550.00
040 _aLoreto College
041 _aEnglish
082 _a954.02
_bCHI
100 _aChitnis,K.N.
245 _aMedieval indian history
_cK.N.Chitnis
260 _aNew delhi
_bAtlantic
_c2008
300 _a237p.
504 _aIncludes bibliographical references and index
650 _aHistory of india
850 _aLCLIB
942 _cBK
999 _c37267
_d87746